000 00402nam a2200157Ia 4500
008 210210b1989 xxu||||| |||| 00| 0 eng d
082 _a546 SONT
100 _aSONI (P L).
245 _aText book of inorganic chemistry.Ed 19.
250 _a
260 _aN D
_bSultan Chand & Sons
_c1989
300 _axxii,3.360
650 _aInorganic Chemistry
690 _aInorganic Chemistry
906 _a043091
999 _c92571
_d92571